LEADER 00937nam a2200241 i 4500 001 991000378749707536 005 20020506125821.0 008 010104s1944 ||| ||| | ||| 035 $ab10691686-39ule_inst 035 $aEXGIL144518$9ExL 040 $aBiblioteca Interfacoltà$bita 100 1 $aKalinka, Ernst$0230399 245 10$aTituli Lyciae :$blinguis graeca et latina conscripti. Fasc. 3., Regiones montanae a Valle Xanthi fluminis ad Oram Orientalem /$cenaravit Ernestus Kalinka 260 $c1944 300 $aP. 366-433 :$bill. 490 0 $aTituli Asiae Minoris ;$v2.3 907 $a.b10691686$b23-02-17$c28-06-02 912 $a991000378749707536 945 $aLE002 411.7 TIT 945 $aLE002 Bibl. III H 5/002,III$g1$i2002000415042$lle002$nV. 2.3$o-$pE0.00$q-$rl$s- $t0$u0$v0$w0$x0$y.i10785826$z28-06-02 996 $aTituli Lyciae$9908428 997 $aUNISALENTO 998 $ale002$b01-01-01$cm$da $e-$feng$gxx $h0$i1 LEADER 03568nam 22006015 450 001 9910495183403321 005 20230810173249.0 010 $z9783030787394 010 $z3030787397 010 $a9783030787400$b(electronic bk.) 010 $a3030787400 024 7 $a10.1007/978-3-030-78740-0 035 $a(CKB)5600000000003602 035 $a(MiAaPQ)EBC6715902 035 $a(Au-PeEL)EBL6715902 035 $a(PPN)257356886 035 $a(DE-He213)978-3-030-78740-0 035 $a(EXLCZ)995600000000003602 100 $a20210830d2021 u| 0 101 0 $aeng 135 $aurcn#---||||| 181 $ctxt$2rdacontent 182 $cn$2rdamedia 183 $anc$2rdacarrier 200 10$aStories and Organization in the Anthropocene $eA Critical Look at the Impossibility of Sustainability /$fby Sideeq Mohammed 205 $a1st ed. 2021. 210 1$aCham :$cSpringer International Publishing :$cImprint: Palgrave Macmillan,$d2021. 215 $a1 online resource 225 1 $aPalgrave Pivot 311 08$a9783030787394 311 08$a3030787397 320 $aIncludes bibliographical references and index. 327 $aChapter 1: Anti-revolutionary imagination in the anthropocene -- Chapter 2: The preforming of the mall at the end of the world -- Chapter 3: The people-to-come of Capital and their memories of the present -- Chapter 4: In the viscera of Capital: practical acceleration in the contemporary Business School -- Chapter 5: Living without Hope: Stories for the rising tide -- Postscript: So what are we supposed to do? -- Index. . 330 $aThis book is about the stories being told in the Anthropocene. Stories of irreparable damage being done to the global ecosystem, of sustainable growth, of dystopian collapse, of continued interspecies flourishing, of Gaia, and of accelerating capitalism's dynamics in order to discover its outside. Stories of change. Stories of hope. Against them all, this book seeks to braid together a particular thread of storying in order to speak to the emergence of the mall at the end of the world; a space where a new politics of "spectral capitalism" is played out. In doing so, we reflect that there never was any outside to Capital, that it can live forever, its performances and spectacles being preserved despite global ecological collapse. This book seeks to understand the nascence of the mall at the end of the world and the new people, thoughts, and dreams that come with it. Sideeq Mohammed is a Lecturer in Organizational Behaviour/HRM at the University of Kent. Sideeq's work is interested in engaging with philosophy in order to critically reflect on the problems posed by "organization" in the contemporary milieu. He has a particular fondness for the works of Gilles Deleuze and Felix Guattari and has published work that draws heavily on their mode of experimenting with "concepts". 410 0$aPalgrave pivot. 606 $aBusiness ethics 606 $aIndustrial management$xEnvironmental aspects 606 $aBusiness Ethics 606 $aCorporate Environmental Management 615 0$aBusiness ethics. 615 0$aIndustrial management$xEnvironmental aspects. 615 14$aBusiness Ethics. 615 24$aCorporate Environmental Management. 676 $a304.2 676 $a304.201 700 $aMohammed$b Sideeq$0908147 801 0$bMiAaPQ 801 1$bMiAaPQ 801 2$bMiAaPQ 906 $aBOOK 912 $a9910495183403321 996 $aStories and organization in the Anthropocene$92031346 997 $aUNINA LEADER 02204nam0 22004693i 450 001 TO00060982 005 20251003044401.0 100 $a19951211d1976 ||||0itac50 ba 101 | $aita$cita 102 $ait 181 1$6z01$ai $bxxxe 182 1$6z01$an 183 1$6z01$anc$2RDAcarrier 200 1 $aˆLa ‰struttura del salario$elezioni tenute nel maggio-giugno 1975 al corso delle 150 ore per il recupero della scuola dell'obbligo a Modena$fVittorio Foa 210 $aRoma$cAlfani$d1976 215 $a112 p.$d21 cm. 225 | $aCENDES formazione. I problemi della società italiana$v1 410 0$1001SBL0053380$12001 $aCENDES formazione. I problemi della società italiana$v1 500 10$aˆLa ‰struttura del salario.$3IEI0688750$9PUVV212891$9816455 606 $aSalari$2FIR$3CFIC074811$9I 676 $a331.2$9$v12 676 $a331.21$9RETRIBUZIONI$v20 676 $a331.21$9SALARIO$v21 676 $a331.21$9ECONOMIA DEL LAVORO. Retribuzioni$v23 686 $aIT/4427.7$cSCUOLA SECONDARIA ITALIA 1968-1989$2R 686 $aIT/4436.0$cLAVORO SINDACATI DEI LAVORATORI ITALIA 1968-1989$2R 686 $aIT/4436.1$cLEGISLAZIONE E CONTRATTI DI LAVORO ITALIA 1968-1989$2R 686 $aIT/4436.2$cLAVORO FORME CONDIZIONI MERCATO ITALIA 1968-1989$2R 686 $aIT/4436.3$cSCUOLA E FORMAZIONE PROFESSIONALE ITALIA 1968-1989$2R 696 $aPaghe$aMonti salari 699 $aSalari$yPaghe 699 $aSalari$yMonti salari 700 1$aFoa$b, Vittorio$3PUVV212891$4070$025995 790 1$aInverni$b, Carlo$3LO1V151816$zFoa, Vittorio 801 3$aIT$bIT-000000$c19951211 850 $aIT-BN0095 $aIT-NA0230 901 $bNAP 01$cPOZZO LIB.$nVi sono collocati fondi di economia, periodici di ingegneria e scienze, periodici di economia e statistica e altri fondi comprendenti documenti di economia pervenuti in dono. 912 $aTO00060982 950 0$aBiblioteca Centralizzata di Ateneo$c1 v.$d 01POZZO LIB.F. SANTI 460$e 0101 0060030065E VMA 1 v. (Precedente collocazione S 374)$fB $h20221111$i20221111 977 $a 01$a IR 996 $aStruttura del salario$9816455 997 $aUNISANNIO